|
|
|
|
| LEADER |
00000nam0a2200000 4500 |
| 001 |
38455 |
| 005 |
20231101210511.0 |
| 035 |
|
|
|a (RuTPU)RU\TPU\book\39212
|
| 090 |
|
|
|a 38455
|
| 100 |
|
|
|a 20020306d1984 k y0rusy50 ca
|
| 101 |
0 |
|
|a rus
|
| 102 |
|
|
|a RU
|
| 105 |
|
|
|a a z 001zy
|
| 200 |
1 |
|
|a Гибкие производственные комплексы
|f В. А. Лещенко, В. М. Киселев, Д. А. Куприянов и др.
|g Под ред. П. Н. Белянина; Под ред. В. А. Лещенко
|
| 210 |
|
|
|a Москва
|c Машиностроение
|d 1984
|
| 215 |
|
|
|a 384 с.
|c ил.
|
| 300 |
|
|
|a Авторы указаны на обороте титульного листа
|
| 320 |
|
|
|a Библиогр.: с. 375-377.
|
| 320 |
|
|
|a Предм. указ.: с. 378-381.
|
| 606 |
1 |
|
|a Гибкие производственные системы
|2 stltpush
|3 (RuTPU)RU\TPU\subj\6412
|9 34297
|
| 610 |
1 |
|
|a программное обеспечение
|
| 610 |
1 |
|
|a станки
|
| 610 |
1 |
|
|a ЧПУ
|
| 610 |
1 |
|
|a оборудование
|
| 610 |
1 |
|
|a транспортировка
|
| 610 |
1 |
|
|a ЭВМ
|
| 610 |
1 |
|
|a детали
|
| 610 |
1 |
|
|a инструменты
|
| 675 |
|
|
|a 658.52.011.56.012.3
|v 3
|
| 701 |
|
1 |
|a Лещенко
|b В. А.
|g Виктор Андреевич
|
| 701 |
|
1 |
|a Киселев
|b В. М.
|g Виктор Михайлович
|
| 701 |
|
1 |
|a Куприянов
|b Д. А.
|g Дмитрий Александрович
|
| 701 |
|
1 |
|a Лабутин
|b Ю. Н.
|g Юрий Николаевич
|
| 701 |
|
1 |
|a Пашков
|b В.В.
|g Виктор Васильевич
|
| 701 |
|
1 |
|a Солоухина
|b Н. М.
|g Надежда Михайловна
|
| 702 |
|
1 |
|a Белянин
|b П. Н.
|g Петр Николаевич
|4 340
|
| 702 |
|
1 |
|a Лещенко
|b В. А.
|g Виктор Андреевич
|4 340
|
| 801 |
|
1 |
|a RU
|b 63413507
|c 20020306
|g PSBO
|
| 801 |
|
2 |
|a RU
|b 63413507
|c 20181017
|g PSBO
|
| 942 |
|
|
|c BK
|